Economics bulletin for Asia and the far East ./ (Record no. 113516)
[ view plain ]
| 000 -LEADER | |
|---|---|
| fixed length control field | 00357nam a22001337a 4500 |
| 003 - CONTROL NUMBER IDENTIFIER | |
| control field | BD-ChCU |
| 005 - DATE AND TIME OF LATEST TRANSACTION | |
| control field | 20260622144503.0 |
| 040 ## - CATALOGING SOURCE | |
| Transcribing agency | BD-ChCU |
| 082 ## - DEWEY DECIMAL CLASSIFICATION NUMBER | |
| Classification number | 330.5 UNE |
| 100 ## - MAIN ENTRY--PERSONAL NAME | |
| Personal name | United Nations |
| 9 (RLIN) | 24075 |
| 245 ## - TITLE STATEMENT | |
| Title | Economics bulletin for Asia and the far East ./ |
| Statement of responsibility, etc. | United Nations . |
| 260 ## - PUBLICATION, DISTRIBUTION, ETC. | |
| Place of publication, distribution, etc. | New York : |
| Name of publisher, distributor, etc. | United Nations . |
| Date of publication, distribution, etc. | C 1970 |
| 942 ## - ADDED ENTRY ELEMENTS (KOHA) | |
| Source of classification or shelving scheme | Dewey Decimal Classification |
| Koha item type | Books |
| Suppress in OPAC | No |
| Withdrawn status | Lost status | Source of classification or shelving scheme | Damaged status | Not for loan | Home library | Current library | Shelving location | Date acquired | Source of acquisition | Total Checkouts | Full call number | Barcode | Date last seen | Copy number | Price effective from | Koha item type | Public note |
|---|---|---|---|---|---|---|---|---|---|---|---|---|---|---|---|---|---|
| Dewey Decimal Classification | Chittagong University Library | Chittagong University Library | Business and Social Science Reading Room | 22/06/2026 | Purchase | 330.5 UNE | 23314 | 22/06/2026 | C-1 | 22/06/2026 | Books | Lib. has : v.21 , N. 3 - 1970. |